[Event "Tradewise Gibraltar Masters 16th"]
[Site "Gibraltar"]
[Date "2018.01.26"]
[Round "4.36"]
[White "Gopal, Geetha Narayanan"]
[Black "Wemmers, Xander"]
[Result "1-0"]
[WhiteElo "2593"]
[BlackElo "2430"]
[PlyCount "81"]
[EventDate "2018.01.23"]
[EventType "swiss"]
[EventRounds "10"]
[EventCountry "GGB"]
[SourceTitle "BritBase"]
[Source "www.saund.co.uk"]
[SourceDate "2018.02.10"]
[SourceVersion "1"]
[SourceVersionDate "2018.02.10"]
[SourceQuality "1"]

1. e4 e5 2. Nf3 Nc6 3. Bb5 a6 4. Ba4 Nf6 5. O-O Be7 6. Re1 b5 7. Bb3 d6 8. c3
O-O 9. h3 Nb8 10. d4 Nbd7 11. Nbd2 Bb7 12. Bc2 Re8 13. Nf1 Bf8 14. Ng3 g6 15.
a4 c5 16. d5 c4 17. Bg5 Nc5 18. Qd2 Be7 19. Bh6 Nfd7 20. Nh2 Bf8 21. Ng4 Qe7
22. f4 Bxh6 23. Nxh6+ Kh8 24. f5 Rf8 25. Rf1 Qh4 26. Rf3 g5 27. Ng4 f6 28. Qe3
Kg7 29. Ne2 Rfc8 30. Rff1 Nb6 31. a5 Nba4 32. Bxa4 bxa4 33. Kh2 Rab8 34. Rad1
Re8 35. Ng1 Bc8 36. Nf3 Qh5 37. Rd2 Rb7 38. Rh1 h6 39. Kg3 Rb3 40. h4 a3 41.
Nxf6 1-0

[Event "Tradewise Gibraltar Masters 16th"]
[Site "Gibraltar"]
[Date "2018.01.26"]
[Round "4.37"]
[White "Henderson De La Fuente, Lance"]
[Black "Huschenbeth, Niclas"]
[Result "1-0"]
[WhiteElo "2429"]
[BlackElo "2587"]
[PlyCount "67"]
[EventDate "2018.01.23"]
[EventType "swiss"]
[EventRounds "10"]
[EventCountry "GGB"]
[SourceTitle "BritBase"]
[Source "www.saund.co.uk"]
[SourceDate "2018.02.10"]
[SourceVersion "1"]
[SourceVersionDate "2018.02.10"]
[SourceQuality "1"]

1. e4 c5 2. Nf3 d6 3. d4 cxd4 4. Qxd4 Nf6 5. Bg5 Nc6 6. Bb5 Qa5+ 7. Nc3 Qxb5 8.
Nxb5 Nxd4 9. Nfxd4 Kd8 10. Nc3 h6 11. Bh4 g5 12. Bg3 Nh5 13. O-O-O Bg7 14. Rhe1
Nxg3 15. hxg3 Bd7 16. f4 Rc8 17. e5 dxe5 18. Nf5 Bf8 19. fxe5 e6 20. Ne3 Bg7
21. Rf1 Ke7 22. Rxd7+ Kxd7 23. Rxf7+ Kc6 24. Rxg7 Rcg8 25. Re7 Re8 26. Rxe8
Rxe8 27. Ne4 Rd8 28. g4 Rd4 29. Nf2 b5 30. c3 Rf4 31. Nd3 Re4 32. Kd2 h5 33.
gxh5 Rh4 34. g4 1-0

[Event "Tradewise Gibraltar Masters 16th"]
[Site "Gibraltar"]
[Date "2018.01.26"]
[Round "4.38"]
[White "Raja, Harshit"]
[Black "Sandipan, Chanda"]
[Result "0-1"]
[WhiteElo "2427"]
[BlackElo "2579"]
[PlyCount "75"]
[EventDate "2018.01.23"]
[EventType "swiss"]
[EventRounds "10"]
[EventCountry "GGB"]
[SourceTitle "BritBase"]
[Source "www.saund.co.uk"]
[SourceDate "2018.02.10"]
[SourceVersion "1"]
[SourceVersionDate "2018.02.10"]
[SourceQuality "1"]

1. e4 c6 2. Nc3 d5 3. Nf3 dxe4 4. Nxe4 Nf6 5. Qe2 Nxe4 6. Qxe4 Qa5 7. Qf4 Qf5
8. Qe3 Qxc2 9. Bd3 Qa4 10. b3 Qa5 11. Bb2 Na6 12. O-O f6 13. Bc4 Bd7 14. Rac1
Nc7 15. Bc3 Qh5 16. Nd4 e5 17. f4 O-O-O 18. fxe5 Qxe5 19. Qxe5 fxe5 20. Nf3 Be6
21. Bxe5 Bxc4 22. Rxc4 Ne6 23. Re1 Bc5+ 24. d4 Bb6 25. Re4 Rhe8 26. Rg4 Rd5 27.
Kf1 g5 28. Rg3 h5 29. h3 Rf8 30. Ke2 Rf5 31. Kd3 Rfxe5 32. Nxe5 Bxd4 33. Rxd4
Rxd4+ 34. Kc3 Rd5 35. Re3 Nf4 36. g4 Ra5 37. Rf3 Rxe5 38. Kd4 0-1

[Event "Tradewise Gibraltar Masters 16th"]
[Site "Gibraltar"]
[Date "2018.01.26"]
[Round "4.39"]
[White "Ibarra Jerez, Jose Carlos"]
[Black "Gaehwiler, Gabriel"]
[Result "1/2-1/2"]
[WhiteElo "2577"]
[BlackElo "2428"]
[PlyCount "159"]
[EventDate "2018.01.23"]
[EventType "swiss"]
[EventRounds "10"]
[EventCountry "GGB"]
[SourceTitle "BritBase"]
[Source "www.saund.co.uk"]
[SourceDate "2018.02.10"]
[SourceVersion "1"]
[SourceVersionDate "2018.02.10"]
[SourceQuality "1"]

1. e4 e5 2. Nf3 Nf6 3. Nxe5 d6 4. Nf3 Nxe4 5. Nc3 Nf6 6. d4 d5 7. Bd3 Be7 8. h3
O-O 9. O-O b6 10. Re1 Bb7 11. Ne5 c5 12. Bg5 cxd4 13. Nb5 Ne4 14. Bxe7 Qxe7 15.
Nf3 Nc6 16. Bf1 Qf6 17. Nbxd4 Ne5 18. c3 Ng6 19. Qa4 Rfd8 20. Re3 h5 21. Rae1
h4 22. Nb3 Ne7 23. Ba6 Bc6 24. Bb5 Bb7 25. Ba6 Bc6 26. Qd4 Qh6 27. Qd1 Nf5 28.
Rd3 Nc5 29. Nxc5 bxc5 30. Bc4 Qd6 31. Bxd5 Bxd5 32. Rxd5 Qxd5 33. Re8+ Kh7 34.
Qxd5 Rxd5 35. Rxa8 Rd1+ 36. Kh2 Rf1 37. Ng5+ Kg6 38. Ne4 Rb1 39. b3 Re1 40.
Nxc5 Re2 41. Rxa7 Rxf2 42. Nd3 Rc2 43. Nf4+ Kh6 44. Rxf7 Ng3 45. Nd3 Rxa2 46.
Ne1 Kg6 47. Rf4 Ra1 48. Rxh4 Nf1+ 49. Kg1 Rxe1 50. Rg4+ Kh7 51. Rd4 Rc1 52. Kf2
Rxc3 53. Kxf1 Rxb3 54. Kf2 Ra3 55. Re4 Rb3 56. Re3 Rb4 57. Kf3 Ra4 58. Re4 Ra7
59. Kg4 Rb7 60. Re5 Ra7 61. Kh5 Ra6 62. h4 Rb6 63. g4 Rh6+ 64. Kg5 Rg6+ 65. Kf4
Rf6+ 66. Rf5 Ra6 67. h5 g6 68. Rf7+ Kg8 69. hxg6 Rxg6 70. Re7 Ra6 71. Kf5 Rb6
72. g5 Ra6 73. Re6 Rxe6 74. Kxe6 Kg7 75. Kf5 Kf7 76. g6+ Kg7 77. Kg5 Kg8 78.
Kh6 Kh8 79. g7+ Kg8 80. Kg6 1/2-1/2

[Event "Tradewise Gibraltar Masters 16th"]
[Site "Gibraltar"]
[Date "2018.01.26"]
[Round "4.40"]
[White "Kozak, Adam"]
[Black "Tregubov, Pavel V"]
[Result "1/2-1/2"]
[WhiteElo "2418"]
[BlackElo "2575"]
[PlyCount "149"]
[EventDate "2018.01.23"]
[EventType "swiss"]
[EventRounds "10"]
[EventCountry "GGB"]
[SourceTitle "BritBase"]
[Source "www.saund.co.uk"]
[SourceDate "2018.02.10"]
[SourceVersion "1"]
[SourceVersionDate "2018.02.10"]
[SourceQuality "1"]

1. Nf3 c5 2. c4 Nc6 3. g3 e5 4. Nc3 g6 5. Bg2 Bg7 6. O-O Nge7 7. a3 O-O 8. d3
d6 9. Rb1 a5 10. Bd2 Rb8 11. Qa4 Bd7 12. Rfc1 b6 13. Qd1 h6 14. Ne1 f5 15. Nc2
f4 16. Ne4 Nf5 17. b4 axb4 18. axb4 Qe7 19. bxc5 bxc5 20. Rxb8 Rxb8 21. Rb1 g5
22. Rxb8+ Nxb8 23. Qb1 Nc6 24. Qb7 Nd8 25. Qb8 Bf8 26. Nc3 Kg7 27. Nd5 Qe8 28.
Nc7 Qe7 29. Nd5 Qe8 30. Qc7 Ne6 31. Qb7 Qf7 32. Bc3 Nfd4 33. Nxd4 Nxd4 34. Bxd4
cxd4 35. Nc7 Bf5 36. Bd5 Qe7 37. Qb8 Bd7 38. Nb5 h5 39. Na7 h4 40. Nc6 Bxc6 41.
Bxc6 hxg3 42. hxg3 fxg3 43. fxg3 Qf6 44. Bd5 Kh6 45. Qc8 Kg7 46. Kg2 Kh6 47.
Qd7 Be7 48. Be4 Kg7 49. Qc8 Qf8 50. Qh3 Qf6 51. Qh7+ Kf8 52. Bd5 Qg7 53. Qf5+
Qf6 54. Qh7 Qg7 55. Qf5+ Qf6 56. Qc8+ Bd8 57. Be4 Kg7 58. Bf5 Be7 59. Kf3 Qf8
60. Qd7 Qa8+ 61. Be4 Qf8+ 62. Kg4 Qf6 63. Qf5 Qxf5+ 64. Kxf5 Kf7 65. Bd5+ Kf8
66. Ke6 Ke8 67. Bc6+ Kd8 68. g4 Bf8 69. Kf7 Be7 70. Ba4 d5 71. cxd5 Bb4 72. Bd1
Bd2 73. e4 Kd7 74. Kf6 Kd6 75. Bb3 1/2-1/2

[Event "Tradewise Gibraltar Masters 16th"]
[Site "Gibraltar"]
[Date "2018.01.26"]
[Round "4.41"]
[White "Wallace, John Paul"]
[Black "Muzychuk, Anna"]
[Result "0-1"]
[WhiteElo "2415"]
[BlackElo "2571"]
[PlyCount "70"]
[EventDate "2018.01.23"]
[EventType "swiss"]
[EventRounds "10"]
[EventCountry "GGB"]
[SourceTitle "BritBase"]
[Source "www.saund.co.uk"]
[SourceDate "2018.02.10"]
[SourceVersion "1"]
[SourceVersionDate "2018.02.10"]
[SourceQuality "1"]

1. Nf3 c5 2. c4 Nc6 3. d4 cxd4 4. Nxd4 Nf6 5. Nc3 e6 6. a3 Be7 7. e4 O-O 8. Nf3
Qc7 9. Be2 b6 10. O-O Bb7 11. Bg5 Rfd8 12. Rc1 Rac8 13. Bh4 Qb8 14. Bg3 d6 15.
h3 Ne5 16. Nd2 Qa8 17. f4 Ned7 18. Bf3 Nc5 19. Qe2 d5 20. cxd5 exd5 21. Nxd5
Nxd5 22. exd5 Re8 23. Qc4 Ba6 24. Qa2 Bxf1 25. Rxf1 Qb8 26. Nc4 Ne4 27. Bxe4
Bc5+ 28. Kh2 Rxe4 29. Ne5 Qb7 30. b4 Bd6 31. Rd1 Qa6 32. Rd2 Re3 33. a4 Qf1 34.
Rc2 Rxc2 35. Qxc2 Re2 0-1

[Event "Tradewise Gibraltar Masters 16th"]
[Site "Gibraltar"]
[Date "2018.01.26"]
[Round "4.42"]
[White "Huzman, Alexander"]
[Black "Keymer, Vincent"]
[Result "1-0"]
[WhiteElo "2561"]
[BlackElo "2408"]
[PlyCount "105"]
[EventDate "2018.01.23"]
[EventType "swiss"]
[EventRounds "10"]
[EventCountry "GGB"]
[SourceTitle "BritBase"]
[Source "www.saund.co.uk"]
[SourceDate "2018.02.10"]
[SourceVersion "1"]
[SourceVersionDate "2018.02.10"]
[SourceQuality "1"]

1. d4 d5 2. c4 e6 3. Nf3 Nf6 4. e3 c5 5. cxd5 Nxd5 6. Be2 cxd4 7. Nxd4 e5 8.
Nb5 Be6 9. N1c3 Nxc3 10. Qxd8+ Kxd8 11. Nxc3 Bb4 12. Bd2 Nc6 13. a3 Bxc3 14.
Bxc3 f6 15. b4 a6 16. f4 exf4 17. exf4 Ke7 18. Kf2 Rhd8 19. Rhe1 Kf7 20. Rac1
Rac8 21. Bf3 Rd6 22. a4 Bd5 23. Bh5+ g6 24. Be2 Nd8 25. f5 Be4 26. fxg6+ hxg6
27. Bg4 f5 28. Rxe4 Rdc6 29. Rd1 fxe4 30. Bxc8 Rxc8 31. Ba1 Rc2+ 32. Ke3 Nc6
33. b5 axb5 34. axb5 Ne7 35. g4 Rxh2 36. Kxe4 Re2+ 37. Kf4 Ra2 38. Ke5 Ra5 39.
Rb1 Nc8 40. Bc3 Ra4 41. Bd4 Ke7 42. Rh1 b6 43. Rh7+ Kd8 44. g5 Rb4 45. Rg7 Ra4
46. Rxg6 Kd7 47. Rg7+ Ne7 48. Kf6 Rxd4 49. Rxe7+ Kd6 50. Re5 Rg4 51. Rf5 Kd7
52. g6 Ke8 53. g7 1-0

[Event "Tradewise Gibraltar Masters 16th"]
[Site "Gibraltar"]
[Date "2018.01.26"]
[Round "4.43"]
[White "Melia, Salome"]
[Black "Michalik, Peter"]
[Result "1/2-1/2"]
[WhiteElo "2404"]
[BlackElo "2553"]
[PlyCount "60"]
[EventDate "2018.01.23"]
[EventType "swiss"]
[EventRounds "10"]
[EventCountry "GGB"]
[SourceTitle "BritBase"]
[Source "www.saund.co.uk"]
[SourceDate "2018.02.10"]
[SourceVersion "1"]
[SourceVersionDate "2018.02.10"]
[SourceQuality "1"]

1. e4 c5 2. Nf3 e6 3. d4 cxd4 4. Nxd4 Nc6 5. Nc3 Qc7 6. Be3 a6 7. Qd2 Nf6 8. f4
Bb4 9. Bd3 Na5 10. e5 Nd5 11. O-O Bxc3 12. bxc3 Nc4 13. Bxc4 Qxc4 14. f5 Qxc3
15. Qxc3 Nxc3 16. Rae1 b5 17. Bd2 Nd5 18. Nb3 exf5 19. Rxf5 O-O 20. Rg5 Nc7 21.
Rg3 Ne6 22. Na5 Ra7 23. Be3 Rc7 24. c4 Nc5 25. Bh6 Ne6 26. Be3 Nc5 27. Bh6 Ne6
28. Be3 Nc5 29. Bh6 Ne6 30. Be3 Nc5 1/2-1/2

[Event "Tradewise Gibraltar Masters 16th"]
[Site "Gibraltar"]
[Date "2018.01.26"]
[Round "4.44"]
[White "Hoolt, Sarah"]
[Black "Perez Ponsa, Federico"]
[Result "0-1"]
[WhiteElo "2400"]
[BlackElo "2553"]
[PlyCount "68"]
[EventDate "2018.01.23"]
[EventType "swiss"]
[EventRounds "10"]
[EventCountry "GGB"]
[SourceTitle "BritBase"]
[Source "www.saund.co.uk"]
[SourceDate "2018.02.10"]
[SourceVersion "1"]
[SourceVersionDate "2018.02.10"]
[SourceQuality "1"]

1. e4 c6 2. d4 d5 3. e5 Bf5 4. Nf3 e6 5. Be2 Ne7 6. c3 Ng6 7. Be3 Nd7 8. h4 Qb6
9. Qb3 h5 10. Nbd2 f6 11. Qxb6 axb6 12. exf6 gxf6 13. c4 Bd6 14. g3 Kf7 15. a3
Ne7 16. Rc1 dxc4 17. Nxc4 Bc7 18. Bd2 b5 19. Ne3 Be4 20. O-O Nb6 21. Bb4 Nbd5
22. Nxd5 Bxd5 23. Bxe7 Kxe7 24. Rc3 Bb6 25. Rd1 Ra4 26. b4 Rha8 27. Ne1 Rxa3
28. Rxa3 Rxa3 29. Bxh5 Rb3 30. Nd3 Be4 31. Nc5 Bxc5 32. bxc5 b4 33. f3 Bc2 34.
Rd2 Rc3 0-1

[Event "Tradewise Gibraltar Masters 16th"]
[Site "Gibraltar"]
[Date "2018.01.26"]
[Round "4.45"]
[White "Deac, Bogdan-Daniel"]
[Black "Solomon, Kenny"]
[Result "1-0"]
[WhiteElo "2549"]
[BlackElo "2420"]
[PlyCount "89"]
[EventDate "2018.01.23"]
[EventType "swiss"]
[EventRounds "10"]
[EventCountry "GGB"]
[SourceTitle "BritBase"]
[Source "www.saund.co.uk"]
[SourceDate "2018.02.10"]
[SourceVersion "1"]
[SourceVersionDate "2018.02.10"]
[SourceQuality "1"]

1. e4 c5 2. Nf3 d6 3. d4 cxd4 4. Nxd4 Nf6 5. Nc3 a6 6. h4 e5 7. Nb3 Be6 8. f4
exf4 9. Bxf4 Nc6 10. Qd2 d5 11. O-O-O d4 12. Nxd4 Qxd4 13. Qxd4 Nxd4 14. Rxd4
Bc5 15. Rd3 O-O 16. Be2 Ng4 17. Rf1 Rfe8 18. Bf3 f6 19. Nd5 Ne5 20. Bxe5 fxe5
21. Nc7 Bc4 22. Rfd1 Bxd3 23. Rxd3 Rac8 24. Nxe8 Rxe8 25. a4 a5 26. Rd5 b6 27.
c3 g6 28. Kc2 Bf2 29. h5 gxh5 30. Bxh5 Re7 31. Rd6 Kg7 32. Bg4 Kf7 33. Bf5 Kg7
34. g4 Rb7 35. Kd3 Bh4 36. Kc4 Bg5 37. Kb5 Be3 38. Re6 Kf7 39. Rxe5 Kf6 40. Rd5
h6 41. e5+ Ke7 42. Kc6 Ra7 43. Rd3 Bc1 44. Kxb6 Ra8 45. Kb7 1-0

[Event "Tradewise Gibraltar Masters 16th"]
[Site "Gibraltar"]
[Date "2018.01.26"]
[Round "4.46"]
[White "Kaidanov, Gregory"]
[Black "Erenberg, Ariel"]
[Result "0-1"]
[WhiteElo "2548"]
[BlackElo "2382"]
[PlyCount "116"]
[EventDate "2018.01.23"]
[EventType "swiss"]
[EventRounds "10"]
[EventCountry "GGB"]
[SourceTitle "BritBase"]
[Source "www.saund.co.uk"]
[SourceDate "2018.02.10"]
[SourceVersion "1"]
[SourceVersionDate "2018.02.10"]
[SourceQuality "1"]

1. Nf3 Nf6 2. c4 e6 3. g3 d5 4. b3 Be7 5. Bg2 O-O 6. O-O b6 7. Bb2 Bb7 8. e3 c5
9. Nc3 Qc8 10. Qe2 Rd8 11. Rfd1 Nc6 12. d3 d4 13. exd4 Nxd4 14. Nxd4 cxd4 15.
Bxb7 Qxb7 16. Nb1 Qc7 17. Nd2 e5 18. Re1 Bb4 19. Rad1 Nd7 20. Rf1 Re8 21. f4
exf4 22. Qf3 Nc5 23. gxf4 Rad8 24. Ne4 f5 25. Nxc5 bxc5 26. Bc1 Re6 27. Rf2 Qe7
28. Rdf1 g6 29. h3 Kg7 30. Kh2 Re8 31. Kg1 Qh4 32. Kh2 Kh6 33. Qg2 Re1 34. Rxe1
Bxe1 35. Rf1 Qh5 36. Rf3 Bb4 37. Qg5+ Qxg5 38. fxg5+ Kh5 39. Kg2 Be1 40. Bf4
Re6 41. a3 a5 42. Kf1 Bh4 43. Bc7 Ra6 44. Ke2 Bxg5 45. Rf1 Re6+ 46. Kd1 Re3 47.
Bxa5 Rxd3+ 48. Kc2 Rxh3 49. a4 d3+ 50. Kb1 Bf6 51. Rd1 f4 52. Bd2 f3 53. a5 f2
54. a6 Rg3 55. Rh1+ Kg4 56. Rc1 Rg1 57. a7 Rxc1+ 58. Bxc1 d2 0-1

[Event "Tradewise Gibraltar Masters 16th"]
[Site "Gibraltar"]
[Date "2018.01.26"]
[Round "4.47"]
[White "Sukandar, Irine Kharisma"]
[Black "Moroni, Luca Jr"]
[Result "1-0"]
[WhiteElo "2387"]
[BlackElo "2547"]
[PlyCount "169"]
[EventDate "2018.01.23"]
[EventType "swiss"]
[EventRounds "10"]
[EventCountry "GGB"]
[SourceTitle "BritBase"]
[Source "www.saund.co.uk"]
[SourceDate "2018.02.10"]
[SourceVersion "1"]
[SourceVersionDate "2018.02.10"]
[SourceQuality "1"]

1. e4 e5 2. Nf3 Nc6 3. Bc4 Bc5 4. c3 Nf6 5. d4 exd4 6. cxd4 Bb4+ 7. Bd2 Nxe4 8.
Bxb4 Nxb4 9. Bxf7+ Kxf7 10. Qb3+ Kf8 11. Qxb4+ Qe7 12. Qxe7+ Kxe7 13. O-O Kd8
14. Nc3 Nf6 15. Rfe1 d6 16. Ng5 Rf8 17. h3 h6 18. Nge4 Ng8 19. Rac1 Bd7 20. Re3
Ne7 21. Ng3 a5 22. Rce1 Rf7 23. f3 b5 24. Rd3 b4 25. Nd1 Nd5 26. Ne3 Nf4 27.
Rd2 Bb5 28. Nef5 h5 29. d5 Bd7 30. Ne3 Bb5 31. h4 Kd7 32. Ne4 Re8 33. a3 bxa3
34. bxa3 Re5 35. Ng5 Rfe7 36. Ne4 Ba6 37. g3 Ng6 38. Rc1 Re8 39. Kf2 Rb8 40.
Rc6 Bb5 41. Rc3 Rb7 42. Ng5 Nf8 43. f4 Re8 44. Nf5 g6 45. Nd4 Ba4 46. Nge6 Nxe6
47. Nxe6 Rc8 48. Nd4 Re8 49. Ne6 Rc8 50. f5 gxf5 51. Rf3 c5 52. Rxf5 Re8 53.
Rxh5 c4 54. Rh7+ Re7 55. Rh8 Re8 56. Rxe8 Kxe8 57. Re2 Kd7 58. Nd4 Rb1 59. Re3
Rb2+ 60. Ke1 Rb1+ 61. Kd2 Rd1+ 62. Kc3 Rc1+ 63. Kb2 Rd1 64. Kc3 Rc1+ 65. Kb2
Rd1 66. Nf3 Bb3 67. g4 Rxd5 68. g5 a4 69. Kc3 Rd1 70. g6 Rc1+ 71. Kb4 c3 72.
Rxc3 Rb1 73. g7 Bf7+ 74. Kxa4 Rb8 75. Ng5 Bg6 76. Ka5 d5 77. h5 Ra8+ 78. Kb6
Rb8+ 79. Ka7 Rg8 80. hxg6 Rxg7 81. Nf7 d4 82. Rc4 d3 83. Rd4+ Ke7 84. Rxd3 Rxg6
85. Nd8 1-0

[Event "Tradewise Gibraltar Masters 16th"]
[Site "Gibraltar"]
[Date "2018.01.26"]
[Round "4.48"]
[White "Mkrtchian, Lilit"]
[Black "Epishin, Vladimir"]
[Result "1/2-1/2"]
[WhiteElo "2378"]
[BlackElo "2536"]
[PlyCount "63"]
[EventDate "2018.01.23"]
[EventType "swiss"]
[EventRounds "10"]
[EventCountry "GGB"]
[SourceTitle "BritBase"]
[Source "www.saund.co.uk"]
[SourceDate "2018.02.10"]
[SourceVersion "1"]
[SourceVersionDate "2018.02.10"]
[SourceQuality "1"]

1. Nf3 d5 2. d4 Nd7 3. c4 e6 4. Qc2 Ngf6 5. g3 c5 6. cxd5 Nxd5 7. Bg2 cxd4 8.
Nxd4 Bb4+ 9. Bd2 Qb6 10. Nb3 N7f6 11. O-O Bd7 12. e4 Rc8 13. Qd1 Bxd2 14. N1xd2
Ne7 15. e5 Nfd5 16. Ne4 O-O 17. Nd6 Rc6 18. Qd4 Qxd4 19. Nxd4 Rb6 20. b3 Nc6
21. Nxc6 Bxc6 22. Rfc1 a5 23. Rc5 Ra8 24. Nc4 Rb5 25. Rxb5 Bxb5 26. Bxd5 exd5
27. Nd6 Bc6 28. Nf5 a4 29. b4 Bd7 30. Ne7+ Kf8 31. Nxd5 Be6 32. Nc7 1/2-1/2

[Event "Tradewise Gibraltar Masters 16th"]
[Site "Gibraltar"]
[Date "2018.01.26"]
[Round "4.49"]
[White "Dvirnyy, Danyyil"]
[Black "Shachar, Ehud"]
[Result "1-0"]
[WhiteElo "2534"]
[BlackElo "2401"]
[PlyCount "49"]
[EventDate "2018.01.23"]
[EventType "swiss"]
[EventRounds "10"]
[EventCountry "GGB"]
[SourceTitle "BritBase"]
[Source "www.saund.co.uk"]
[SourceDate "2018.02.10"]
[SourceVersion "1"]
[SourceVersionDate "2018.02.10"]
[SourceQuality "1"]

1. d4 e6 2. c4 f5 3. Nc3 Nf6 4. e3 Bb4 5. Qc2 b6 6. Bd3 Bb7 7. f3 O-O 8. Nge2
a6 9. O-O Nc6 10. a3 Bd6 11. Bd2 Ne7 12. e4 fxe4 13. Nxe4 Nf5 14. Nxd6 Nxd6 15.
Ng3 Nf7 16. Rae1 Kh8 17. Bc3 a5 18. d5 exd5 19. Bxh7 Ng5 20. Qg6 Rf7 21. h4
Nfxh7 22. hxg5 Qf8 23. Qh5 Qc5+ 24. Rf2 d4 25. Bxd4 1-0

[Event "Tradewise Gibraltar Masters 16th"]
[Site "Gibraltar"]
[Date "2018.01.26"]
[Round "4.50"]
[White "Lei, Tingjie"]
[Black "Bakalchuk, Johnatan"]
[Result "1-0"]
[WhiteElo "2531"]
[BlackElo "2400"]
[PlyCount "57"]
[EventDate "2018.01.23"]
[EventType "swiss"]
[EventRounds "10"]
[EventCountry "GGB"]
[SourceTitle "BritBase"]
[Source "www.saund.co.uk"]
[SourceDate "2018.02.10"]
[SourceVersion "1"]
[SourceVersionDate "2018.02.10"]
[SourceQuality "1"]

1. d4 Nf6 2. c4 g6 3. Nc3 Bg7 4. e4 d6 5. f3 O-O 6. Be3 Nbd7 7. Nge2 c5 8. d5
Ne5 9. Ng3 h5 10. Be2 h4 11. Nf1 e6 12. Bg5 h3 13. gxh3 exd5 14. Nxd5 Bxh3 15.
Ng3 Nc6 16. Qd2 Be6 17. h4 Bxd5 18. cxd5 Nd4 19. h5 Qd7 20. O-O-O Nh7 21. Be3
a5 22. Rdg1 a4 23. Bxd4 Bxd4 24. Nf5 Bxg1 25. Rxg1 g5 26. Rxg5+ Kh8 27. Rg7
Qxf5 28. exf5 Kxg7 29. f6+ 1-0

[Event "Tradewise Gibraltar Masters 16th"]
[Site "Gibraltar"]
[Date "2018.01.26"]
[Round "4.51"]
[White "Prithu, Gupta"]
[Black "Libiszewski, Fabien"]
[Result "1-0"]
[WhiteElo "2373"]
[BlackElo "2530"]
[PlyCount "95"]
[EventDate "2018.01.23"]
[EventType "swiss"]
[EventRounds "10"]
[EventCountry "GGB"]
[SourceTitle "BritBase"]
[Source "www.saund.co.uk"]
[SourceDate "2018.02.10"]
[SourceVersion "1"]
[SourceVersionDate "2018.02.10"]
[SourceQuality "1"]

1. e4 e6 2. d4 d5 3. Nc3 Nf6 4. e5 Nfd7 5. f4 c5 6. Nf3 Be7 7. Be3 b6 8. Qd2
O-O 9. Nd1 Nc6 10. c3 f5 11. exf6 Nxf6 12. Nf2 Bd7 13. Bd3 Bd6 14. O-O Qc7 15.
Ne5 Be8 16. Nh3 c4 17. Bc2 b5 18. Ng5 Nd8 19. f5 exf5 20. Bxf5 b4 21. Qc2 h6
22. Be6+ Nxe6 23. Nxe6 Qb6 24. Nxf8 Bxe5 25. Qf5 Bd6 26. Nh7 Ng4 27. Qxg4 Kxh7
28. Bf4 bxc3 29. bxc3 Bg6 30. Rae1 Bxf4 31. Qxf4 Qb2 32. Re6 Qc2 33. Qf2 Qxf2+
34. Rxf2 Rb8 35. Re7 a6 36. h4 Rb1+ 37. Kh2 Rc1 38. Rf3 Rc2 39. Rg3 h5 40. Re6
Bd3 41. Rxa6 g6 42. a4 Rxc3 43. Raxg6 Ra3 44. R6g5 Kh6 45. Rxd5 Rxa4 46. Rd6+
Kh7 47. Rg5 c3 48. Rc5 1-0

[Event "Tradewise Gibraltar Masters 16th"]
[Site "Gibraltar"]
[Date "2018.01.26"]
[Round "4.53"]
[White "Dzagnidze, Nana"]
[Black "Mohammad, Nubairshah Shaikh"]
[Result "1/2-1/2"]
[WhiteElo "2522"]
[BlackElo "2380"]
[PlyCount "124"]
[EventDate "2018.01.23"]
[EventType "swiss"]
[EventRounds "10"]
[EventCountry "GGB"]
[SourceTitle "BritBase"]
[Source "www.saund.co.uk"]
[SourceDate "2018.02.10"]
[SourceVersion "1"]
[SourceVersionDate "2018.02.10"]
[SourceQuality "1"]

1. d4 d5 2. c4 c6 3. cxd5 cxd5 4. Bf4 Nc6 5. e3 Nf6 6. Nc3 Bf5 7. Qb3 Na5 8.
Qa4+ Bd7 9. Qc2 e6 10. Bd3 Be7 11. Nf3 Nc6 12. a3 Nh5 13. Be5 f5 14. h3 Nxe5
15. Nxe5 Nf6 16. g4 g6 17. h4 Nxg4 18. Nxd7 Kxd7 19. Bb5+ Kc8 20. Nxd5+ Kb8 21.
Nxe7 Qxe7 22. Rc1 e5 23. dxe5 a6 24. Be2 Nxe5 25. h5 Ka7 26. Qc5+ Qxc5 27. Rxc5
Nc6 28. Rg1 Rad8 29. hxg6 hxg6 30. Rxg6 Rh1+ 31. Bf1 f4 32. Rf6 Rg8 33. Ke2
Rgg1 34. Rc1 fxe3 35. fxe3 Ne5 36. Rc7 Ng4 37. Rf4 Rh2+ 38. Kd3 Nf2+ 39. Rxf2
Rxf2 40. Be2 Rb1 41. Rc2 Rf6 42. e4 Rd6+ 43. Ke3 Rb6 44. e5 Rb3+ 45. Kf4 R1xb2
46. Rxb2 Rxb2 47. Bh5 Rh2 48. Kg4 Kb6 49. e6 Re2 50. Kf5 Re3 51. Kf6 Rxa3 52.
e7 Re3 53. e8=Q Rxe8 54. Bxe8 Kc5 55. Ke5 b5 56. Ke4 Kc4 57. Bf7+ Kc3 58. Kd5
a5 59. Kc5 b4 60. Kb5 b3 61. Kxa5 b2 62. Bg6 b1=B 1/2-1/2

[Event "Tradewise Gibraltar Masters 16th"]
[Site "Gibraltar"]
[Date "2018.01.26"]
[Round "4.54"]
[White "Blohberger, Felix"]
[Black "Praggnanandhaa, R."]
[Result "1/2-1/2"]
[WhiteElo "2367"]
[BlackElo "2515"]
[PlyCount "68"]
[EventDate "2018.01.23"]
[EventType "swiss"]
[EventRounds "10"]
[EventCountry "GGB"]
[SourceTitle "BritBase"]
[Source "www.saund.co.uk"]
[SourceDate "2018.02.10"]
[SourceVersion "1"]
[SourceVersionDate "2018.02.10"]
[SourceQuality "1"]

1. Nf3 Nf6 2. g3 b5 3. Bg2 Bb7 4. O-O e6 5. d3 Be7 6. e4 d6 7. Nd4 a6 8. Nb3 e5
9. Na5 Bc8 10. c3 Bd7 11. d4 Nc6 12. Nb3 a5 13. a4 bxa4 14. Rxa4 Nxd4 15. Nxd4
exd4 16. Rxd4 O-O 17. Na3 Qc8 18. Re1 Bh3 19. Nc4 Bxg2 20. Kxg2 Nd7 21. Ne3 Nb6
22. Nd5 Nxd5 23. exd5 Bf6 24. Ra4 Qb7 25. Qd3 Qb6 26. Rc4 Qb5 27. Re3 Ra7 28.
Rc6 Qxd3 29. Rxd3 Rb8 30. Be3 Rab7 31. Ra6 Rxb2 32. Rxa5 h5 33. Ra4 Kf8 34. Rc4
R8b7 1/2-1/2

[Event "Tradewise Gibraltar Masters 16th"]
[Site "Gibraltar"]
[Date "2018.01.26"]
[Round "4.55"]
[White "Steinberg, Nitzan"]
[Black "Haria, Ravi"]
[Result "1/2-1/2"]
[WhiteElo "2512"]
[BlackElo "2374"]
[PlyCount "74"]
[EventDate "2018.01.23"]
[EventType "swiss"]
[EventRounds "10"]
[EventCountry "GGB"]
[SourceTitle "BritBase"]
[Source "www.saund.co.uk"]
[SourceDate "2018.02.10"]
[SourceVersion "1"]
[SourceVersionDate "2018.02.10"]
[SourceQuality "1"]

1. e4 e6 2. d4 d5 3. e5 b6 4. c3 Qd7 5. a4 Ba6 6. Bxa6 Nxa6 7. Qd3 Nb8 8. a5 b5
9. b4 a6 10. Nf3 Nc6 11. Bf4 Nge7 12. h4 h5 13. Nbd2 Nf5 14. Nf1 O-O-O 15.
O-O-O f6 16. Re1 Re8 17. Re2 Nce7 18. g3 Kb7 19. Kb1 Ng6 20. Ne3 Nxf4 21. gxf4
Nxe3 22. fxe3 f5 23. Rg2 Rh6 24. Qd1 Re7 25. Rh3 g6 26. Ne1 Rg7 27. Nd3 Rh8 28.
Nc5+ Bxc5 29. dxc5 c6 30. Qf3 Ka7 31. Rg1 Rhg8 32. Rh2 Qd8 33. Qg3 Qe7 34. Rhg2
Qd8 35. Kc2 Qe7 36. Kd3 Qd8 37. Qg5 Qxg5 1/2-1/2